Empresa y medio ambiente: protección jurídica

Uloženo v:
Podrobná bibliografie
Hlavní autor: Abara Elías, Fernando Andrés (Autor)
Médium: Kniha
Jazyk:španělština
Vydáno: Santiago Jurídica 1998
Témata:
Tagy: Přidat tag
Žádné tagy, Buďte první, kdo vytvoří štítek k tomuto záznamu!

MARC

LEADER 00000nam a2200000 a 4500
001 UCQ5108
003 CL-VaPUC
008 980925e19980000CL |||||||||||||||||spa|d
082 0 4 |a 344.046  |b ABA  |2 21 
100 0 |a Abara Elías, Fernando Andrés  |e author  |9 419271 
245 1 0 |a Empresa y medio ambiente: protección jurídica 
300 |a 223 p 
942 |c BK 
945 |d 19980925 00:00:00  |a mvenant 
260 |a Santiago  |b Jurídica  |c 1998 
650 0 |a Administración de empresas   |9 260833 
650 0 |a Medio ambiente  |9 257625 
650 0 |a Derecho ambiental   |9 257835 
650 0 |a Protección del medio ambiente  |9 257626 
583 |a last modification  |c 19980925 00:00:00  |k Rodrigo Vera 
999 |c 275330  |d 275328 
952 |0 0  |1 0  |4 0  |6 344_046000000000000_ABA_1998  |7 0  |8 A  |9 312052  |a BIBING  |b BIBING  |d 2019-11-20  |i 3464598  |l 1  |o 344.046 ABA 1998  |p 3464598  |r 2025-01-20  |s 2023-09-13  |w 2019-11-20  |y BK  |k GEO